000 00227 a2200097 4500
001 6910
100 _aSalvadori, M G
245 _aMumerical Methods in Engineering
260 _a
_bPrentice-Hill (india)
_c
090 _c5712
_d5712
942 _aNUST-CAE
_cM
_c32170
999 _c241983
_d241983